| LEADER | 00741nam a2200181 4500 | ||
|---|---|---|---|
| 082 | |a 294.3 |b G400L | ||
| 100 | |a Goldstein, Joseph | ||
| 245 | |a 30 ngày thiền quán |c Joseph Goldstein; Nguyễn Duy Nhiên dịch; Nguyễn Minh Tiến hiệu đính | ||
| 250 | |a | ||
| 260 | |a H. |b Tôn giáo |c 2007 | ||
| 300 | |a 319 tr. |c 21 cm. | ||
| 520 | |a v.v... | ||
| 653 | |a Tôn giáo | ||
| 653 | |a Phật giáo | ||
| 942 | |2 ddc |c STK0 | ||
| 999 | |c 8622 |d 8622 | ||
| 952 | |0 0 |1 0 |2 ddc |4 0 |6 294_300000000000000_G400L |7 0 |8 200 |9 70633 |a qbu |b qbu |c D2 |d 2015-04-12 |g 40000 |o 294.3 G400L |p 8361.c1 |r 0000-00-00 |w 2015-04-12 |y STK0 | ||
| 952 | |0 0 |1 0 |2 ddc |4 0 |6 294_300000000000000_G400L |7 0 |8 200 |9 70634 |a qbu |b qbu |c D2 |d 2015-04-12 |g 40000 |o 294.3 G400L |p 8361.c2 |r 0000-00-00 |w 2015-04-12 |y STK0 | ||